[Event "Baden-ch Seniors"]
[Site "Waldshut Tiengen"]
[Date "2014.06.14"]
[Round "1"]
[White "Seyffarth, Renate"]
[Black "Mueller, Rudolf"]
[Result "1/2-1/2"]
[WhiteElo "1947"]
[BlackElo "2192"]
[PlyCount "110"]
[EventDate "2014.06.14"]
[EventType "swiss"]
[EventRounds "9"]
[EventCountry "GER"]
[SourceTitle "EXT 2015"]
[Source "ChessBase"]
[SourceDate "2014.11.20"]
[SourceVersion "1"]
[SourceVersionDate "2014.11.20"]
[SourceQuality "1"]

1. d4 b6 2. e3 Bb7 3. f4 e6 4. Nf3 Nf6 5. Bd3 c5 6. c3 Nc6 7. 0-0 cxd4 8. exd4 Be7 9. Qe2 0-0 10. Nbd2 Qc7 11. Ne5 d6 12. Nxc6 Bxc6 13. Ne4 Qb7 14. Nxf6+ Bxf6 15. Bb5 Bd5 16. Bc4 Rfe8 17. Bd2 e5 18. dxe5 dxe5 19. Rfe1 Rad8 20. Rad1 Bh4 21. Bxd5 Qxd5 22. Bc1 Qxa2 23. Rxd8 Bxd8 24. Qb5 Kf8 25. Rxe5 Rxe5 26. Qxe5 f6 27. Qe2 Be7 28. Be3 Qb1+ 29. Kf2 Qe4 30. Qf3 Qc2+ 31. Qe2 Qb3 32. Qd2 Kf7 33. h3 Ke6 34. g4 g6 35. Ke2 Bd6 36. Kf3 Qd5+ 37. Qxd5+ Kxd5 38. b3 Kc6 39. Ke4 a5 40. Bd4 Be7 41. c4 Bd8 42. f5 Kd6 43. Be3 Kc6 44. Bd4 Be7 45. Kd3 gxf5 46. gxf5 Bd8 47. Ke4 b5 48. cxb5+ Kxb5 49. Kd3 Kb4 50. Kc2 Be7 51. Kb2 Bd8 52. Kc2 Ka3 53. Bc3 Ka2 54. Bb2 Be7 55. Bc3 Bd8 1/2-1/2

[Event "EU-chT Seniors 11th"]
[Site "Velden"]
[Date "2009.04.10"]
[Round "6"]
[White "Taksrud, Vidar"]
[Black "Seyffarth, Renate"]
[Result "1-0"]
[WhiteElo "2191"]
[BlackElo "1979"]
[PlyCount "93"]
[EventDate "2009.04.05"]
[EventType "team-swiss"]
[EventRounds "9"]
[EventCountry "AUT"]
[SourceTitle "CBM 129 Extra"]
[Source "ChessBase"]
[SourceDate "2009.05.05"]
[SourceVersion "2"]
[SourceVersionDate "2009.05.20"]
[SourceQuality "1"]

1. d4 d5 2. Nf3 e6 3. g3 Nd7 4. Bg2 Ngf6 5. 0-0 Be7 6. c4 c6 7. Nc3 0-0 8. Bf4 Nh5 9. Be3 Bd6 10. cxd5 cxd5 11. Rc1 a6 12. Qc2 b5 13. Ng5 Nhf6 14. Nh3 Bb7 15. Bf4 Bxf4 16. Nxf4 Rc8 17. Qd3 Qb6 18. e3 Rc7 19. h4 Rfc8 20. Nce2 Rc4 21. b3 R4c6 22. Qb1 b4 23. Nd3 a5 24. Rxc6 Rxc6 25. Rc1 Qc7 26. Rxc6 Qxc6 27. f3 g6 28. Kf2 h5 29. Bf1 Kg7 30. Nef4 Qc3 31. Qc1 Qxc1 32. Nxc1 Bc6 33. Ba6 Kf8 34. Ke1 Ke7 35. Kd2 Kd8 36. Nh3 Ne8 37. Bd3 Nd6 38. Nf2 Ke7 39. Ne2 Bb5 40. e4 Bxd3 41. Kxd3 Nb5 42. Nd1 Kd6 43. e5+ Ke7 44. Nf4 Kf8 45. g4 hxg4 46. fxg4 Kg7 47. g5 1-0

[Event "Bahn-chGT"]
[Site "Winterberg"]
[Date "2004.10.02"]
[Round "7"]
[White "Seyffarth, Renate"]
[Black "Bormann, Alexander"]
[Result "0-1"]
[WhiteElo "1737"]
[BlackElo "1510"]
[PlyCount "70"]
[EventDate "2004.09.26"]
[EventType "swiss"]
[EventRounds "7"]
[EventCountry "GER"]
[SourceTitle "EXT 2013"]
[Source "ChessBase"]
[SourceDate "2012.11.22"]
[SourceVersion "1"]
[SourceVersionDate "2012.11.22"]
[SourceQuality "1"]

1. d4 d5 2. c4 e6 3. e3 Nf6 4. a3 b6 5. cxd5 exd5 6. Nf3 Nbd7 7. Bb5 Bd6 8. Bc6 Rb8 9. Nc3 Bb7 10. Qa4 0-0 11. Bxb7 Rxb7 12. Qc6 Rb8 13. Nxd5 Nxd5 14. Qxd5 Ne5 15. dxe5 Bb4+ 16. Bd2 Qxd5 17. Bxb4 c5 18. Bc3 Qc4 19. e6 f6 20. Nd2 Qd3 21. Rd1 Rfd8 22. Rc1 Rd6 23. Rd1 Kf8 24. h4 Ke7 25. Rh3 Rbd8 26. Rg3 g6 27. Rf3 Rxe6 28. Rf4 Rxe3+ 29. fxe3 Qxe3+ 30. Kf1 Qxf4+ 31. Kg1 Qxh4 32. Rf1 Rxd2 33. Bxd2 Qd4+ 34. Rf2 Qxb2 35. Bg5 Qxf2+ 0-1